Quero fala com meus irmaos

I tiakina i:
Ngā taipitopito rārangi puna kōrero
Kaituhi matua: Riwalski, Pascoal (Author)
Hōputu: Pukapuka
Reo:Pōtukīhi
I whakaputaina: Porto Alegre Escola Superior de Teologia Sao Lourenco de Brindes 1977
Putanga:1a. ed
Rangatū:Poverello
Ngā marau:
Ngā Tūtohu: Tāpirihia he Tūtohu
Kāore He Tūtohu, Me noho koe te mea tuatahi ki te tūtohu i tēnei pūkete!

MARC

LEADER 00000cam a2200000 a 4500
001 UCD0657
003 CL-VaPUC
008 151204e19770000bl |||||||||||||||||por|d
082 0 4 |a 268.6  |b RIW  |2 21 
100 0 |a Riwalski, Pascoal  |e author  |9 583615 
245 1 0 |a Quero fala com meus irmaos 
246 1 0 |a Voglio parlare con i miei fratelli 
250 |a 1a. ed 
300 |a 203 p 
942 |c BK 
945 |d 20151204 12:43:00  |a gsalatino 
260 |a Porto Alegre  |b Escola Superior de Teologia Sao Lourenco de Brindes  |c 1977 
650 0 |a Espiritualidad   |9 267331 
650 7 |a EVANGELIZACION  |2 CL-VaPUC  |9 583616 
650 0 |a Valores  |9 309628 
650 7 |a MEDITACION  |2 CL-VaPUC  |9 313094 
650 0 |a Conciencia  |9 309452 
583 |a last modification  |c 20151204 12:43:00  |k Rodrigo Vera 
490 0 |a Poverello 
999 |c 362120  |d 362118 
952 |0 0  |1 0  |3 erb  |4 0  |6 268_600000000000000_RIW_1977  |7 0  |8 A  |9 472997  |a BIBTEO  |b BIBTEO  |i 527284K  |o 268.6 RIW 1977  |p 527284K  |r 2025-01-17  |w 2019-11-24  |y BK  |z Catalogado en:20151204  |k ICR